Consideraciones en torno a la formación general humanística
Uloženo v:
| Korporativní autor: | |
|---|---|
| Médium: | Kniha |
| Jazyk: | Spanish |
| Vydáno: |
San José, Costa Rica :
El Consejo,
1995
|
| Témata: | |
| Tagy: |
Přidat tag
Žádné tagy, Buďte první, kdo vytvoří štítek k tomuto záznamu!
|
MARC
| LEADER | 00000nam a2200000Ia 4500 | ||
|---|---|---|---|
| 008 | 180423b1995 cr ||||| |||| 00| | spa d | ||
| 999 | |c 1803 |d 1803 | ||
| 090 | |a 06.03.06 |b 517 | ||
| 110 | 2 | |a Consejo del Sistema de Educación General |9 3602 | |
| 245 | 1 | 0 | |a Consideraciones en torno a la formación general humanística |
| 260 | |a San José, Costa Rica : |b El Consejo, |c 1995 | ||
| 300 | |a 28 páginas | ||
| 610 | 2 | 4 | |a UNIVERSIDAD DE COSTA RICA |9 714 |
| 650 | 1 | 4 | |a EDUCACIÓN SUPERIOR |9 8 |
| 942 | |i 00399 |h 06.03.06 517 |2 z |c 01 | ||
